01002aab a2200193 i 4500001001000000003001000010005001700020008004100037040001900078041000800097245005700105520044200162546002300604650002600627650001700653650002600670650002100696773009100717768714001CO-MdFUSB20240702161424.0240702t1990 sz ||||| |||| 00| 0 eng d bspacCO-MdFUSB aeng10aResponses to "called to witness to the gospel today" aDel estudio de Ottawa "Llamados a ser testigos del Evangelio hoy". En la Asamblea General en Seúl, los delegados ordenaron a la Oficina de Ginebra que preparara un folleto de seguimiento que aseguraría la continuidad entre el "Estudio Llamados a Testificar" y las necesidades y problemas de las iglesias reformadas hoy. Las siguientes críticas al estudio Llamados a Testificar sugieren varias preguntas para la Alianza en el futuro aTexto en inglés. 0aReforma de la iglesia 0aConversión 0aTeología práctica 0aEvangelización0 tReformed World049396gVolumen 41, (número 1, 1990) páginas: 23 - 25qpágina: 23